[Event "Northern California International"]
[Site "?"]
[Date "2012.01.02"]
[Round "1"]
[White "Aleskerov, Faik"]
[Black "Gaffagan, Steven"]
[Result "1-0"]
[WhiteElo "2352"]
[BlackElo "2071"]
[PlyCount "91"]
[SourceDate "2012.01.05"]

1. d4 Nf6 2. Nf3 g6 3. e3 Bg7 4. Bd3 d6 5. O-O O-O 6. b3 c5 7. Bb2 Nc6 8. c4 e5
9. dxe5 Ng4 10. Be2 Ngxe5 11. Nc3 Be6 12. Kh1 Qa5 13. Ng5 Rad8 14. Nd5 Bxd5 15.
Qxd5 Qc7 16. Qd2 Qe7 17. Nh3 Nd7 18. Bxg7 Kxg7 19. Rad1 Nf6 20. Nf4 Nb4 21. Bf3
b6 22. a3 Na6 23. Qc2 Nc7 24. Bd5 g5 25. Ne2 Ncxd5 26. Ng3 Kh8 27. cxd5 Rfe8
28. f4 Ne4 29. Qb2+ Qf6 30. Qxf6+ Nxf6 31. fxg5 Ng4 32. Rxf7 Nxe3 33. Rd3 c4
34. bxc4 Nxc4 35. Rc3 b5 36. h4 Re1+ 37. Kh2 Ne5 38. Rf4 Ng6 39. Rb4 Ne5 40.
Nh5 a6 41. Rc7 Rf8 42. Rf4 Ng6 43. Rxf8+ Nxf8 44. Nf6 Re3 45. Rf7 Rxa3 46. h5
1-0

[Event "Northern California International"]
[Site "?"]
[Date "2012.01.02"]
[Round "1"]
[White "Byambaa, Uyanga"]
[Black "Pruess, David"]
[Result "0-1"]
[WhiteElo "2118"]
[BlackElo "2395"]
[PlyCount "96"]
[SourceDate "2012.01.05"]

1. e4 c5 2. Nf3 d6 3. d4 cxd4 4. Nxd4 Nf6 5. Nc3 a6 6. Bg5 e6 7. f4 Nbd7 8. Qf3
Qc7 9. O-O-O Be7 10. g4 b5 11. Bxf6 Nxf6 12. g5 Nd7 13. f5 Bxg5+ 14. Kb1 Ne5
15. Qh5 Qe7 16. fxe6 g6 17. exf7+ Kxf7 18. Qe2 Bg4 19. Qf2+ Qf6 20. Qxf6+ Bxf6
21. Be2 Bxe2 22. Ndxe2 Nc4 23. Rd3 Rac8 24. Rf1 Kg7 25. Nd4 Rhe8 26. a3 Be5 27.
h3 Kg8 28. Ka2 Rf8 29. Rxf8+ Rxf8 30. b3 Ne3 31. Nce2 Ng2 32. Rf3 Nf4 33. Nxf4
Bxd4 34. Rd3 Be5 35. Ne2 Rf1 36. Nd4 Re1 37. a4 b4 38. Kb2 Rxe4 39. c3 Kf7 40.
Kc2 bxc3 41. Kxc3 a5 42. Kc4 Ke7 43. Kd5 Rxd4+ 44. Rxd4 Bxd4 45. Kxd4 g5 46.
Kd5 Kd7 47. Ke4 Kc6 48. Kd4 d5 0-1

[Event "Northern California International"]
[Site "?"]
[Date "2012.01.02"]
[Round "1"]
[White "Chevannes, Sabrina"]
[Black "Rensch, Daniel"]
[Result "0-1"]
[WhiteElo "2067"]
[BlackElo "2401"]
[PlyCount "74"]
[SourceDate "2012.01.05"]

1. d4 Nf6 2. Nf3 c5 3. e3 b6 4. Bd3 Bb7 5. O-O g6 6. b3 Bg7 7. Bb2 O-O 8. Nbd2
Qc7 9. Rc1 a6 10. c4 e6 11. Qe2 d6 12. Rfd1 Nbd7 13. Bb1 Rad8 14. Ng5 Qb8 15.
Nge4 Qa8 16. f3 Qb8 17. Bd3 e5 18. Nxf6+ Nxf6 19. d5 Rde8 20. Qf2 Nd7 21. e4 f5
22. exf5 gxf5 23. Re1 Qd8 24. Qg3 Qf6 25. Nf1 Bc8 26. Qh3 Qg6 27. Bb1 e4 28.
Bxg7 Qxg7 29. fxe4 fxe4 30. Qg3 Nf6 31. Qxd6 Ng4 32. Rcd1 e3 33. Ng3 Rf6 34.
Qb8 Bd7 35. Qa7 Nxh2 36. Kxh2 Rh6+ 37. Kg1 Qxg3 0-1

[Event "Northern California International"]
[Site "?"]
[Date "2012.01.02"]
[Round "1"]
[White "Cornejo, Max"]
[Black "Gurevich, Daniel"]
[Result "1-0"]
[WhiteElo "2411"]
[BlackElo "2192"]
[PlyCount "65"]
[SourceDate "2012.01.05"]

1. e4 c5 2. Nf3 g6 3. c3 Bg7 4. d4 cxd4 5. cxd4 d5 6. e5 Bg4 7. Bb5+ Nd7 8. O-O
Bxf3 9. Qxf3 e6 10. h4 a6 11. Bxd7+ Qxd7 12. h5 h6 13. b3 Ne7 14. hxg6 fxg6 15.
Ba3 Nf5 16. Qd3 Qb5 17. Qc3 Kd7 18. g4 Ne7 19. Qe3 Qa5 20. Bxe7 Kxe7 21. Nc3
Rac8 22. Rfc1 b5 23. Ne2 g5 24. Ng3 Rhf8 25. Nh5 Rxc1+ 26. Rxc1 Rf7 27. Qd3 Qb6
28. Qc2 Qb8 29. Qc5+ Kd7 30. Qc6+ Ke7 31. Qxa6 Bxe5 32. dxe5 Qxe5 33. Qb7+ 1-0

[Event "Northern California International"]
[Site "?"]
[Date "2012.01.02"]
[Round "1"]
[White "Evans, Bela"]
[Black "Margvelashvili, Giorgi"]
[Result "0-1"]
[WhiteElo "2262"]
[BlackElo "2531"]
[PlyCount "70"]
[SourceDate "2012.01.05"]

1. f4 d5 2. Nf3 Bg4 3. e3 e6 4. Be2 c5 5. O-O Nc6 6. d3 Nge7 7. c3 g6 8. h3
Bxf3 9. Bxf3 Bg7 10. Na3 O-O 11. e4 Rb8 12. e5 f6 13. exf6 Rxf6 14. g4 Qd7 15.
Nc2 Rbf8 16. d4 cxd4 17. cxd4 R6f7 18. Be3 Qc7 19. Kg2 Bh6 20. g5 Bg7 21. Bg4
Nf5 22. Qd2 Na5 23. Bxf5 Nc4 24. Qc3 Rxf5 25. Rac1 Qb6 26. b3 Nd6 27. Qc5 Qa6
28. Rfe1 Ne4 29. Qa3 Qb6 30. Qb4 Qc7 31. h4 Rxf4 32. Bxf4 Rxf4 33. Rf1 Rf2+ 34.
Rxf2 Qg3+ 35. Kh1 Nxf2# 0-1

[Event "Northern California International"]
[Site "?"]
[Date "2012.01.02"]
[Round "1"]
[White "Haessel, Dale"]
[Black "Mandizha, Farai"]
[Result "0-1"]
[WhiteElo "2190"]
[BlackElo "2404"]
[PlyCount "86"]
[SourceDate "2012.01.05"]

1. Nf3 Nf6 2. c4 e6 3. Nc3 b6 4. e4 Bb7 5. Bd3 c5 6. Bc2 Nc6 7. d4 cxd4 8. Nxd4
Nxd4 9. Qxd4 Bc5 10. Qd3 Ng4 11. O-O Qh4 12. Qg3 Qxg3 13. hxg3 Rc8 14. Bf4 f6
15. Rad1 g5 16. Bd6 h5 17. Nb5 Ba6 18. Ba4 Bxf2+ 19. Rxf2 Nxf2 20. Kxf2 Rxc4
21. Nc3 Rc8 22. Ke3 Bb7 23. Ba3 Bc6 24. Nb5 Kd8 25. Rd4 e5 26. Rd6 a6 27. Nc3
b5 28. Bb3 a5 29. Bc5 Ba8 30. Ra6 a4 31. Bb6+ Ke7 32. Bd5 Bc6 33. Bc5+ Ke8 34.
Bd6 h4 35. gxh4 gxh4 36. Rb6 h3 37. gxh3 Rxh3+ 38. Kd2 Rh2+ 39. Kc1 Bxd5 40.
exd5 Rc4 41. a3 Rf4 42. Kb1 Rf1+ 43. Ka2 Rhh1 0-1

[Event "Northern California International"]
[Site "?"]
[Date "2012.01.02"]
[Round "1"]
[White "Hunt, Adam"]
[Black "Studen, Damir"]
[Result "1-0"]
[WhiteElo "2462"]
[BlackElo "2248"]
[PlyCount "117"]
[SourceDate "2012.01.05"]

1. e4 d5 2. exd5 Qxd5 3. Nc3 Qa5 4. d4 c6 5. Bc4 Nf6 6. Bd2 Qc7 7. Qe2 Bf5 8.
O-O-O e6 9. Nf3 Nbd7 10. Nh4 Bg6 11. Nxg6 hxg6 12. h3 Nb6 13. Bb3 O-O-O 14. Bg5
Be7 15. Qf3 Nbd5 16. Ne2 Nh7 17. Bd2 Ng5 18. Qd3 Nb4 19. Qe3 Nd5 20. Qd3 Nb4
21. Bxb4 Bxb4 22. Kb1 Nh7 23. Qf3 Nf6 24. Nf4 Bd6 25. Nd3 Kb8 26. Rhe1 Rhf8 27.
c3 Qa5 28. Ne5 Bxe5 29. Rxe5 Qc7 30. Ree1 c5 31. dxc5 Qxc5 32. g4 g5 33. Qg3+
Qc7 34. Qe3 Qa5 35. f4 gxf4 36. Qxf4+ Qc7 37. Qg5 Rg8 38. Rxd8+ Qxd8 39. Qe3
Ne8 40. Rd1 Qc7 41. g5 g6 42. Qd4 Ng7 43. Ba4 a6 44. Qf2 b5 45. Bc2 Nf5 46. Qd2
Ne7 47. a4 Nc6 48. axb5 axb5 49. Qd3 Qe5 50. Qf3 Qc7 51. Be4 Ne5 52. Qe2 Qc4
53. Qe3 Qc7 54. Bg2 Nc4 55. Qe4 Nb6 56. Qb4 Qc4 57. Qa5 Qc5 58. Qa6 Qc7 59. Rd6
1-0

[Event "Northern California International"]
[Site "?"]
[Date "2012.01.02"]
[Round "1"]
[White "Kavutskiy, Konstantin"]
[Black "Iyengar, Udit"]
[Result "1-0"]
[WhiteElo "2315"]
[BlackElo "1991"]
[PlyCount "85"]
[SourceDate "2012.01.05"]

1. d4 d5 2. c4 e6 3. Nf3 Nf6 4. Nc3 Nbd7 5. Bg5 c6 6. e3 Qa5 7. cxd5 exd5 8.
Bd3 Bd6 9. O-O O-O 10. Qc2 h6 11. Bh4 Re8 12. Rab1 b6 13. a3 Ba6 14. b4 Bxd3
15. Qxd3 Qxa3 16. Ra1 Qxb4 17. Ra4 Bxh2+ 18. Kxh2 Qd6+ 19. Bg3 Qe6 20. Nd2 Nh5
21. Ne2 Nxg3 22. Nxg3 g6 23. Raa1 a5 24. Rae1 b5 25. f3 Nb6 26. e4 Qf6 27. Kg1
Nc4 28. Nxc4 dxc4 29. Qe3 Qg7 30. e5 b4 31. Ne4 Reb8 32. f4 a4 33. f5 g5 34.
Nd6 c3 35. f6 Qf8 36. Nxf7 Qxf7 37. e6 Qf8 38. f7+ Kh7 39. e7 Qg7 40. e8=Q Rxe8
41. fxe8=Q Rxe8 42. Qxe8 Qxd4+ 43. Rf2 1-0

[Event "Northern California International"]
[Site "?"]
[Date "2012.01.02"]
[Round "1"]
[White "Kleinman, Michael"]
[Black "Shankland, Sam"]
[Result "0-1"]
[WhiteElo "2275"]
[BlackElo "2565"]
[PlyCount "110"]
[SourceDate "2012.01.05"]

1. e4 c5 2. Nf3 e6 3. d4 cxd4 4. Nxd4 a6 5. c4 Nf6 6. Nc3 Qc7 7. Bd3 Nc6 8.
Nxc6 dxc6 9. Be3 e5 10. h3 Be6 11. O-O Nd7 12. Re1 Bc5 13. Qc2 O-O 14. Na4 Bd4
15. c5 Rad8 16. Rac1 Nf6 17. Nb6 Qe7 18. b4 Bxe3 19. Rxe3 Rd4 20. Bc4 Rfd8 21.
Bxe6 Qxe6 22. Nc4 Ne8 23. a3 f6 24. Kh2 Kf8 25. Qe2 g6 26. Rcc3 Qf7 27. Rc1 Ke7
28. Kg1 Qe6 29. Kh2 R8d7 30. Kg1 Ng7 31. Nd6 b5 32. Qg4 Qxg4 33. hxg4 Ne6 34.
g3 Kf8 35. Rf3 Ng5 36. Re3 Rd2 37. Kf1 Nf7 38. Nxf7 Kxf7 39. Ra1 Ke7 40. Re2
R2d4 41. Re3 a5 42. bxa5 Ra7 43. Ke2 Rxa5 44. Rh1 Ke6 45. f4 exf4 46. gxf4 Ra7
47. Rc1 Raa4 48. Kf3 Kf7 49. Rcc3 Rac4 50. f5 Rxe4 51. Rxc4 Rxc4 52. Rd3 gxf5
53. gxf5 Kg7 54. Rd6 Rxc5 55. Kg4 h5+ 0-1

[Event "Northern California International"]
[Site "?"]
[Date "2012.01.02"]
[Round "1"]
[White "Macieja, Bartlomiej"]
[Black "Abrahamyan, Tatev"]
[Result "1-0"]
[WhiteElo "2617"]
[BlackElo "2287"]
[PlyCount "63"]
[SourceDate "2012.01.05"]

1. Nf3 Nf6 2. c4 g6 3. Nc3 Bg7 4. e4 d6 5. d4 O-O 6. h3 e5 7. d5 Nh5 8. g3 a5
9. Be2 Na6 10. Rg1 Nc5 11. Be3 Bd7 12. Nd2 Nf6 13. g4 Ne8 14. Nb3 b6 15. Qd2
Kh8 16. O-O-O f5 17. Nxc5 bxc5 18. gxf5 gxf5 19. exf5 Bxf5 20. Bd3 Qd7 21. Rg3
Rb8 22. Bxf5 Qxf5 23. Rdg1 e4 24. Rg4 Rb4 25. Rxe4 Be5 26. Bh6 Rf7 27. f4 Nf6
28. Qg2 Qg6 29. Qxg6 hxg6 30. fxe5 Nxe4 31. e6 Rf2 32. Nxe4 1-0

[Event "Northern California International"]
[Site "?"]
[Date "2012.01.02"]
[Round "1"]
[White "Ni, Viktorija"]
[Black "Smith, Bryan"]
[Result "0-1"]
[WhiteElo "2225"]
[BlackElo "2460"]
[PlyCount "80"]
[SourceDate "2012.01.05"]

1. d4 Nf6 2. c4 c5 3. d5 e6 4. Nc3 exd5 5. cxd5 d6 6. e4 g6 7. h3 Bg7 8. Nf3 a6
9. a4 Nbd7 10. Bd3 Nh5 11. Bg5 Bf6 12. Bh6 Ne5 13. Be2 Nxf3+ 14. Bxf3 Ng7 15.
O-O O-O 16. Qd2 Be5 17. Rfe1 b6 18. Bg5 f6 19. Bh6 Ra7 20. Rab1 f5 21. Bg5 Qc7
22. exf5 Nxf5 23. Ne4 Nd4 24. Bd1 Bf5 25. b4 a5 26. bxc5 bxc5 27. f4 Bg7 28.
Bg4 Bxg4 29. hxg4 Qd7 30. Nf2 Qf7 31. Qa2 h6 32. Bh4 Qxf4 33. Be7 Rf7 34. Bh4
Be5 35. Rxe5 Qxe5 36. Qd2 g5 37. Nd3 Qe2 38. Bxg5 Qxg4 39. Rb8+ Kh7 40. Ne1
Ne2+ 0-1

[Event "Northern California International"]
[Site "?"]
[Date "2012.01.02"]
[Round "1"]
[White "Ramirez, Alejandro"]
[Black "Santarius, Erik"]
[Result "1-0"]
[WhiteElo "2594"]
[BlackElo "2276"]
[PlyCount "81"]
[SourceDate "2012.01.05"]

1. c4 Nf6 2. Nf3 e6 3. g3 d5 4. b3 c5 5. Bg2 Nc6 6. e3 Be7 7. O-O O-O 8. Bb2 b6
9. Qe2 Bb7 10. Rd1 Qc7 11. Nc3 dxc4 12. bxc4 Rac8 13. Rac1 Rfd8 14. d4 cxd4 15.
exd4 Ba6 16. Nb5 Qb8 17. Bh3 Bxb5 18. cxb5 Nb4 19. Bxe6 Rxc1 20. Rxc1 Qd6 21.
Bb3 Nbd5 22. Rc6 Qd7 23. Ne5 Qe8 24. Qf3 h6 25. Rxf6 Nxf6 26. Bxf7+ Qxf7 27.
Nxf7 Kxf7 28. d5 Kg8 29. Bxf6 Bxf6 30. Qf4 Kf8 31. d6 Ke8 32. Qe4+ Kd7 33. Qd5
Rc8 34. Qb7+ Kd8 35. Qxa7 Rc2 36. a4 Ke8 37. a5 bxa5 38. b6 Rc1+ 39. Kg2 Rb1
40. b7 Bd8 41. b8=Q 1-0

[Event "Northern California International"]
[Site "?"]
[Date "2012.01.02"]
[Round "1"]
[White "Remlinger, Larry"]
[Black "Sevian, Samuel"]
[Result "1/2-1/2"]
[WhiteElo "2402"]
[BlackElo "2185"]
[PlyCount "108"]
[SourceDate "2012.01.05"]

1. d4 d5 2. c4 e6 3. Nc3 Nf6 4. cxd5 exd5 5. Bg5 c6 6. e3 Be7 7. Bd3 Nbd7 8.
Qc2 O-O 9. Nge2 Re8 10. O-O h6 11. Bf4 Nf8 12. Rab1 a5 13. a3 Bd6 14. Na4 Bg4
15. Bxd6 Qxd6 16. Ng3 g6 17. Rbe1 h5 18. f3 Bd7 19. Nb6 Rad8 20. Nh1 h4 21. Nf2
Nh5 22. Nxd7 Rxd7 23. Ng4 Rde7 24. Qc3 h3 25. gxh3 Nd7 26. f4 Ndf6 27. Ne5 Ne4
28. Bxe4 dxe4 29. f5 Kh7 30. fxg6+ fxg6 31. Qc2 Qd5 32. Qg2 Rg8 33. Qg5 Reg7
34. Kh1 c5 35. Nf7 Qxg5 36. Nxg5+ Kh6 37. Ne6 Re7 38. Nxc5 b6 39. Na4 b5 40.
Nc5 Ng7 41. Rf4 Rge8 42. Kg2 Nf5 43. h4 Kh5 44. Kh3 a4 45. Rg4 Kh6 46. Reg1 Rg7
47. Nxe4 Nxe3 48. Nf6 Re6 49. Rf4 Nc4 50. d5 Re2 51. Ng4+ Kh7 52. Nf6+ Kh6 53.
Ng4+ Kh7 54. Nf6+ Kh6 1/2-1/2

[Event "Northern California International"]
[Site "?"]
[Date "2012.01.02"]
[Round "1"]
[White "Rodriguez, Eric"]
[Black "Guerrero, Alejandra"]
[Result "1-0"]
[WhiteElo "2352"]
[BlackElo "2048"]
[PlyCount "125"]
[SourceDate "2012.01.05"]

1. e4 g6 2. d4 Bg7 3. c4 c5 4. d5 d6 5. f3 a6 6. a4 Nf6 7. Nc3 O-O 8. Bg5 h6 9.
Be3 Kh7 10. Qd2 Nbd7 11. Nh3 Ne5 12. Nf2 Nh5 13. Be2 f5 14. f4 Ng4 15. Nxg4
fxg4 16. O-O e5 17. dxe6 Bxe6 18. g3 Qb6 19. Bd3 Qb4 20. f5 Bxc4 21. fxg6+ Kg8
22. Bxh6 Rxf1+ 23. Rxf1 Bxd3 24. Bxg7 Kxg7 25. Qxd3 Qd4+ 26. Qxd4+ cxd4 27. Ne2
d3 28. Nd4 Re8 29. Nf5+ Kxg6 30. Nxd6 Re6 31. Nxb7 Rxe4 32. Nc5 Rd4 33. Kf2 Nf6
34. Ke3 Rc4 35. Nxd3 Rxa4 36. Kd2 a5 37. Kc3 Nd5+ 38. Kb3 Rd4 39. Nf4+ Nxf4 40.
Rxf4 Rd2 41. Rxg4+ Kf5 42. Rh4 Kg5 43. Ka3 Rd3+ 44. b3 Rd2 45. Ra4 Rxh2 46.
Rxa5+ Kg4 47. Re5 Kxg3 48. Rf5 Kg4 49. Rf8 Rh5 50. Ka4 Rh1 51. b4 Ra1+ 52. Kb5
Kg5 53. Kb6 Kg6 54. b5 Kg7 55. Rf4 Rb1 56. Ka6 Ra1+ 57. Kb7 Kg6 58. b6 Rb1 59.
Ka7 Ra1+ 60. Kb8 Rb1 61. b7 Re1 62. Rb4 Kf7 63. Ka7 1-0

[Event "Northern California International"]
[Site "?"]
[Date "2012.01.02"]
[Round "1"]
[White "Troff, Kayden"]
[Black "Sevillano, Enrico"]
[Result "0-1"]
[WhiteElo "2257"]
[BlackElo "2490"]
[PlyCount "102"]
[SourceDate "2012.01.05"]

1. d4 Nf6 2. c4 c5 3. d5 e6 4. Nc3 exd5 5. cxd5 d6 6. Nf3 g6 7. Bf4 Bg7 8. Qa4+
Bd7 9. Qb3 Qc7 10. e4 O-O 11. Be2 Nh5 12. Be3 Na6 13. O-O Be8 14. Rad1 Rd8 15.
e5 dxe5 16. d6 Qb6 17. Qxb6 axb6 18. Nd5 b5 19. a4 bxa4 20. d7 Bxd7 21. Bxa6
bxa6 22. Bxc5 Bb5 23. Bxf8 Kxf8 24. Nc3 Rb8 25. Rfe1 Bc6 26. Nxe5 Bxe5 27. Rxe5
Rxb2 28. Rc5 Bb5 29. g3 Nf6 30. h3 Kg7 31. Rc7 Rb3 32. Ra1 Rb4 33. Rb7 Ne4 34.
Nd5 Rb2 35. Re1 Nxf2 36. Nf4 a3 37. Ree7 Bc4 38. Rxb2 axb2 39. Re1 Nxh3+ 40.
Nxh3 Bd3 41. Nf4 b1=Q 42. Rxb1 Bxb1 43. Nd5 a5 44. Nc3 Bc2 45. Kf2 a4 46. Nb5
h5 47. Ke3 g5 48. Kd2 Bf5 49. Ke3 Bd7 50. Na3 Kf6 51. Kd4 h4 0-1

[Event "Northern California International"]
[Site "?"]
[Date "2012.01.02"]
[Round "1"]
[White "Xiong, Jeffery"]
[Black "Sarkar, Justin"]
[Result "0-1"]
[WhiteElo "2097"]
[BlackElo "2370"]
[PlyCount "100"]
[SourceDate "2012.01.05"]

1. e4 c5 2. Nf3 d6 3. d4 cxd4 4. Nxd4 Nf6 5. Nc3 a6 6. Bg5 Nbd7 7. f4 Qc7 8.
Qf3 h6 9. Bxf6 Nxf6 10. f5 Qc5 11. O-O-O g5 12. fxg6 Bg4 13. gxf7+ Kxf7 14. Qd3
Bxd1 15. Nxd1 Bg7 16. Be2 e6 17. Ne3 Rhe8 18. Nb3 Qg5 19. h4 Qg3 20. Rh3 Qe1+
21. Nd1 h5 22. Rg3 Bh6+ 23. Kb1 Rg8 24. Rf3 Ke7 25. Rf1 Qxh4 26. Nd4 Nxe4 27.
Ka1 Qg5 28. Nc3 Nc5 29. Qh3 Qxg2 30. Qxh5 Qg6 31. Qh2 Raf8 32. Rd1 Bf4 33. Qh4+
Qg5 34. Qh7+ Qg7 35. Qh4+ Bg5 36. Qh3 Qh8 37. Bh5 Bf6 38. Nxe6 Nxe6 39. Nd5+
Kd8 40. Qxe6 Bxb2+ 41. Kb1 Qe5 42. Qh3 Rg5 43. Qb3 Rxh5 44. Qxb7 Ba3 45. Qb8+
Kd7 46. Qb7+ Ke8 47. Qc8+ Kf7 48. Qd7+ Kg6 49. Rg1+ Rg5 50. Rxg5+ Kxg5 0-1

[Event "Northern California International"]
[Site "?"]
[Date "2012.01.02"]
[Round "1"]
[White "de Guzman, Ricardo"]
[Black "Vasudeva, Tanuj"]
[Result "1-0"]
[WhiteElo "2393"]
[BlackElo "2100"]
[PlyCount "45"]
[SourceDate "2012.01.05"]

1. c4 g6 2. Nc3 Bg7 3. Nf3 e5 4. d4 exd4 5. Nxd4 Nf6 6. e4 d6 7. Be2 O-O 8. O-O
Nbd7 9. Bg5 h6 10. Bh4 Re8 11. f3 Nf8 12. Kh1 Ne6 13. Nxe6 Bxe6 14. Rc1 Qc8 15.
Qd2 Kh7 16. f4 Bg4 17. Bd3 Kg8 18. f5 gxf5 19. exf5 Nd7 20. h3 Bd4 21. Qf4 Bxc3
22. Rxc3 Bh5 23. Qxh6 1-0

[Event "Northern California International"]
[Site "?"]
[Date "2012.01.03"]
[Round "2"]
[White "Abrahamyan, Tatev"]
[Black "Haessel, Dale"]
[Result "1-0"]
[WhiteElo "2287"]
[BlackElo "2190"]
[PlyCount "85"]
[EventDate "2012.01.04"]
[SourceDate "2012.01.05"]

1. e4 e5 2. Nf3 Nf6 3. Nxe5 d6 4. Nf3 Nxe4 5. Nc3 Nxc3 6. dxc3 Be7 7. Be3 Nc6
8. Qd2 Be6 9. O-O-O Qd7 10. Kb1 a6 11. h4 h6 12. Nd4 Nxd4 13. Bxd4 Rg8 14. c4
O-O-O 15. Qc3 g6 16. Be2 Rge8 17. Be3 h5 18. Qd4 c5 19. Qc3 Bg4 20. Bxg4 Qxg4
21. g3 Qf3 22. Rhe1 Bf6 23. Qb3 Re6 24. a3 Rde8 25. Rg1 Be5 26. Rd3 Qe2 27. Qb6
f5 28. Rgd1 Qg4 29. Bxc5 Qxc4 30. Bxd6 Rxd6 31. Rxd6 Bxd6 32. Qxd6 Qe6 33. b3
b6 34. Qf4 Rd8 35. Rxd8+ Kxd8 36. Qb8+ Ke7 37. Qc7+ Kf6 38. Kb2 b5 39. f4 Qd5
40. Qb6+ Kf7 41. Qa7+ Kf8 42. Qxa6 Qd4+ 43. Ka2 1-0

[Event "Northern California International"]
[Site "?"]
[Date "2012.01.03"]
[Round "2"]
[White "Betaneli, Alex"]
[Black "Xiong, Jeffery"]
[Result "1/2-1/2"]
[WhiteElo "2266"]
[BlackElo "2097"]
[PlyCount "121"]
[EventDate "2012.01.04"]
[SourceDate "2012.01.05"]

1. Nf3 e6 2. g3 Nf6 3. Bg2 d5 4. O-O c5 5. d4 cxd4 6. Nxd4 e5 7. Nb3 Be7 8. c4
dxc4 9. Qxd8+ Bxd8 10. N3d2 Nc6 11. Bxc6+ bxc6 12. Nxc4 Bc7 13. b3 Bg4 14. f3
Be6 15. Nba3 Nd5 16. Bd2 a5 17. e4 Nb4 18. Bc3 f6 19. Nb2 Ke7 20. Nac4 Rhd8 21.
Kf2 Rdb8 22. Rfc1 Bxc4 23. Bxb4+ axb4 24. Nxc4 Ra6 25. Ke2 Rba8 26. Rc2 Bb8 27.
h4 Ba7 28. a4 bxa3 29. Rxa3 Rxa3 30. Nxa3 Bd4 31. Nc4 Ra1 32. h5 Kd7 33. g4 c5
34. Nd2 g6 35. hxg6 hxg6 36. Rc4 Kc6 37. Ra4 Rc1 38. Rc4 Rg1 39. Kd3 Kb5 40.
Ra4 Rc1 41. Rc4 Re1 42. Ra4 Re3+ 43. Kc2 Rc3+ 44. Kd1 Be3 45. Ra8 Bxd2 46. Kxd2
Rxf3 47. g5 f5 48. Rb8+ Kc6 49. Re8 fxe4 50. Rxe5 Rxb3 51. Re6+ Kd5 52. Rxg6
Rg3 53. Rg8 Kd4 54. g6 Rg2+ 55. Ke1 Ke3 56. Kf1 Rg5 57. Rc8 Rf5+ 58. Ke1 Rg5
59. Kf1 Kd2 60. Rd8+ Ke3 61. Rc8 1/2-1/2

[Event "Northern California International"]
[Site "?"]
[Date "2012.01.03"]
[Round "2"]
[White "Coleman, Teddy"]
[Black "Arnold, Marc"]
[Result "1/2-1/2"]
[WhiteElo "2356"]
[BlackElo "2482"]
[PlyCount "56"]
[EventDate "2012.01.04"]
[SourceDate "2012.01.05"]

1. d4 e6 2. c4 Bb4+ 3. Bd2 Qe7 4. g3 Nf6 5. Nf3 b6 6. Bg2 Bb7 7. O-O Bxd2 8.
Qxd2 d6 9. Nc3 Nbd7 10. Qc2 O-O 11. Rfd1 c5 12. Rd2 Rac8 13. Qa4 a6 14. Qb3 d5
15. dxc5 dxc4 16. Qxc4 b5 17. Qh4 Rxc5 18. Rad1 Nb6 19. Ng5 Bxg2 20. Kxg2 Rc4
21. Rd4 Qb7+ 22. Kg1 h6 23. Nf3 Rfc8 24. Ne5 Rxd4 25. Qxd4 Nc4 26. Nxc4 Rxc4
27. Qd8+ Kh7 28. a3 Rc8 1/2-1/2

[Event "Northern California International"]
[Site "?"]
[Date "2012.01.03"]
[Round "2"]
[White "Guerrero, Alejandra"]
[Black "Lobo, Richard"]
[Result "0-1"]
[WhiteElo "2048"]
[BlackElo "2251"]
[PlyCount "92"]
[EventDate "2012.01.04"]
[SourceDate "2012.01.05"]

1. e4 e6 2. d4 d5 3. Nd2 Nf6 4. e5 Nfd7 5. Bd3 c5 6. c3 Nc6 7. Ne2 Qb6 8. Nf3
cxd4 9. cxd4 f6 10. exf6 Nxf6 11. O-O Bd6 12. a3 O-O 13. Nc3 a6 14. Bc2 Qc7 15.
h3 Bd7 16. Bg5 Nh5 17. Ne5 g6 18. Nxd7 Qxd7 19. Qg4 Bf4 20. Rad1 Rae8 21. Rfe1
Qf7 22. Bxf4 Nxf4 23. Bb3 Kh8 24. Qg3 Qf6 25. Qe3 g5 26. Ne2 Rg8 27. Ba4 b5 28.
Bc2 e5 29. Nxf4 gxf4 30. dxe5 Qg5 31. Qf3 Nxe5 32. Qxd5 Qh5 33. Kf1 f3 34. Be4
fxg2+ 35. Bxg2 Qf5 36. Qe4 Qf6 37. Rd2 Nc4 38. Qd4 Nxd2+ 39. Qxd2 Rxe1+ 40.
Qxe1 Qxb2 41. Bd5 Rf8 42. Qe3 Qf6 43. f3 Rd8 44. Be4 Qd4 45. Qh6 Qd1+ 46. Kf2
Qd2+ 0-1

[Event "Northern California International"]
[Site "?"]
[Date "2012.01.03"]
[Round "2"]
[White "Inumerable, Florentino"]
[Black "Kleinman, Michael"]
[Result "0-1"]
[WhiteElo "2154"]
[BlackElo "2275"]
[PlyCount "106"]
[EventDate "2012.01.04"]
[SourceDate "2012.01.05"]

1. d4 Nf6 2. c4 g6 3. Nc3 d5 4. Nf3 Bg7 5. Bf4 O-O 6. e3 c5 7. Be2 Nc6 8. Ne5
dxc4 9. Nxc6 bxc6 10. Bxc4 cxd4 11. exd4 Nd5 12. Be5 Nxc3 13. bxc3 Qa5 14. O-O
Bxe5 15. dxe5 Qxe5 16. Qf3 Qc5 17. Bb3 Ba6 18. Rfd1 Bc4 19. Rd4 Bxb3 20. axb3
Rfd8 21. b4 Qb6 22. Rad1 Rxd4 23. Rxd4 a5 24. bxa5 Rxa5 25. h3 Ra1+ 26. Rd1
Rxd1+ 27. Qxd1 Qc5 28. Qd3 Kg7 29. h4 Qe5 30. g3 h5 31. Qf3 c5 32. Qd3 Kf6 33.
Qf3+ Qf5 34. Qe3 Qe5 35. Qf3+ Kg7 36. Qd3 e6 37. Qf3 Qd5 38. Qe3 c4 39. Qe2 Kf6
40. Qe3 Qe5 41. Qf3+ Kg7 42. Kh2 Qe1 43. Kg2 Qd2 44. Kf1 e5 45. Kg2 Qd3 46.
Qxd3 cxd3 47. Kf3 e4+ 48. Ke3 f5 49. f3 Kf6 50. g4 Ke6 51. gxf5+ gxf5 52. fxe4
fxe4 53. c4 Ke5 0-1

[Event "Northern California International"]
[Site "?"]
[Date "2012.01.03"]
[Round "2"]
[White "Ishkhanov, Tigran"]
[Black "Hunt, Adam"]
[Result "0-1"]
[WhiteElo "2350"]
[BlackElo "2462"]
[PlyCount "60"]
[EventDate "2012.01.04"]
[SourceDate "2012.01.05"]

1. Nf3 Nf6 2. c4 g6 3. b4 Bg7 4. Bb2 d6 5. g3 O-O 6. Bg2 e5 7. d3 c6 8. O-O Be6
9. Nbd2 a5 10. a3 h6 11. c5 dxc5 12. bxc5 Nfd7 13. Qc2 Na6 14. Rab1 Qc7 15. d4
Rad8 16. e3 Rfe8 17. Ne4 Bf5 18. Nfd2 Nf8 19. Qa4 exd4 20. Bxd4 Ne6 21. Bxg7
Kxg7 22. Rbc1 Naxc5 23. Nxc5 Rxd2 24. Nxb7 Qxb7 25. Bxc6 Qb2 26. Bxe8 Ng5 27.
Bc6 Nh3+ 28. Kh1 Nxf2+ 29. Rxf2 Qxc1+ 30. Kg2 Bh3+ 0-1

[Event "Northern California International"]
[Site "?"]
[Date "2012.01.03"]
[Round "2"]
[White "Mandizha, Farai"]
[Black "Macieja, Bartlomiej"]
[Result "1-0"]
[WhiteElo "2404"]
[BlackElo "2617"]
[PlyCount "67"]
[EventDate "2012.01.04"]
[SourceDate "2012.01.05"]

1. g3 e5 2. Bg2 d5 3. d3 c6 4. Nf3 Bd6 5. e4 Nf6 6. O-O O-O 7. Qe2 Re8 8. Nc3
h6 9. Nh4 Bg4 10. Qe1 Na6 11. a3 Nc7 12. Kh1 Qd7 13. f3 Be6 14. f4 Bh3 15. f5
Bxg2+ 16. Nxg2 Nb5 17. g4 Nxc3 18. bxc3 dxe4 19. dxe4 Kf8 20. g5 hxg5 21. Bxg5
Bc5 22. Qh4 Ke7 23. Qh7 Kf8 24. Qh8+ Ng8 25. Rad1 Qc8 26. Nh4 f6 27. Ng6+ Kf7
28. Qh5 Re7 29. Nxe5+ Kf8 30. Ng6+ Ke8 31. Nxe7+ Kxe7 32. e5 fxg5 33. e6 Nh6
34. Qxg5+ 1-0

[Event "Northern California International"]
[Site "?"]
[Date "2012.01.03"]
[Round "2"]
[White "Santarius, Erik"]
[Black "Byambaa, Uyanga"]
[Result "1-0"]
[WhiteElo "2276"]
[BlackElo "2118"]
[PlyCount "76"]
[EventDate "2012.01.04"]
[SourceDate "2012.01.05"]

1. e4 c5 2. Nf3 d6 3. d4 cxd4 4. Nxd4 Nf6 5. Nc3 a6 6. Bc4 b5 7. Bb3 e6 8. Bg5
Be7 9. Qf3 Qc7 10. O-O-O O-O 11. h4 Nbd7 12. h5 b4 13. Na4 Bb7 14. Rhe1 Ne5 15.
Qf4 Nxh5 16. Qh4 Bxg5+ 17. Qxg5 Nf6 18. f4 Ng6 19. e5 dxe5 20. fxe5 Ne4 21.
Nxe6 fxe6 22. Bxe6+ Rf7 23. Qf5 Nxe5 24. Bxf7+ Qxf7 25. Qxe5 Re8 26. Qd4 Qxa2
27. b3 Rc8 28. Qb2 Qxb2+ 29. Kxb2 Nc3 30. Nxc3 bxc3+ 31. Ka3 Bxg2 32. Re7 Bh3
33. Rd5 g6 34. b4 Bf5 35. Rc5 Rd8 36. Rxc3 h5 37. Rcc7 Kf8 38. c4 Rd3+ 1-0